Przewodnik drzewa i krzewy / (Rekord nr 41042)
| 000 -ETYKIETA REKORDU | |
|---|---|
| podpole kontrolne o stałej długości | 00833nam a2200241 i 4500 |
| 001 - NUMER KONTROLNY REKORDU | |
| pole kontrolne | bg |
| 020 ## - MIĘDZYNARODOWY ZNORMALIZOWANY NUMER KSIĄŻKI - ISBN | |
| ISBN | 837073054X |
| 040 ## - ŹRÓDŁO KATALOGOWANIA | |
| Instytucja, która utworzyła rekord | BPK |
| 041 1# - KOD JĘZYKA | |
| Kod języka tekstu | pl |
| Kod języka oryginału | de |
| 080 ## - UNIWERSALNA KLASYFIKACJA DZIESIĘTNA - UKD | |
| UKD | 582.4/.9(4)(084.4)(02.025.2) |
| 920 ## - Międzynarodowy znormalizowany numer książki – ISBN | |
| ISBN | 83-7073-054-X |
| 008 - POLE O STAŁEJ DŁUGOŚCI - DANE KONTROLNE | |
| podpole kontrolne o stałej długości | s pl f |000 0 pol |
| 100 ## - NAZWA OSOBOWA | |
| Nazwa osobowa | KREMER, Bruno |
| 245 ## - TYTUŁ/ODPOWIEDZIALNOŚĆ | |
| Tytuł | Przewodnik drzewa i krzewy / |
| Pozostałe elementy strefy tytułu i oznaczenia odpowiedzialności | Bruno P. Kremer ; tł. z niem. Stefan Łukom |
| 246 ## - WARIANT TYTUŁU | |
| Treść wyrażenia wprowadzającego | Tyt. oryg.: |
| Tytuł | Welches Blatt ist das? - Bäume und Sträucher Mitteleurop |
| 260 ## - STREFA ADRESU WYDAWNICZEGO | |
| Miejsce wydania | Warszawa : |
| Nazwa wydawcy/dystrybutora | "Multico", |
| Data publikacji, dystrybucji/powstania dokumentu | 200 |
| 300 ## - STREFA OPISU FIZYCZNEGO | |
| Objętość | 235 s. : |
| Inne cechy fizyczne | il. ; |
| Rozmiary | 21 c |
| 500 ## - UWAGI OGÓLNE | |
| Tekst uwagi | Oryg. : "Welches Blatt ist das? - Bäume und Sträucher Mitteleuropas". |
| 650 #9 - HASŁO PRZEDMIOTOWE W FORMIE NAZWY OGÓLNEJ LUB JEDNOSTKOWEJ | |
| Nazwa ogólna lub geograficzna | Drzewa |
| Określnik ogólny | systematyka |
| Określnik geograficzny | Europa |
| 655 ## - TERMIN INDEKSOWY - OKREŚLENIE RODZAJU/FORMY DOKUMENTU | |
| Określenie rodzaju/formy dokumentu | Atlasy |
| 856 ## - LOKALIZACJA I DOSTĘP DO ELEKTRONICZNYCH DOKUMENTÓW ZDALNYCH | |
| Link (URL) | http://koha.tu.koszalin.pl/cgi-bin/koha/opac-detail.pl?biblionumber=41042 |
| Tekst linku | Katalog online BPK |
| 942 ## - DODATKOWE ELEMENTY (KOHA) | |
| Typ dokumentu | Książka |
| Wycofany | Status egzemplarza | Uszkodzony | Dostępność | Lokalizacja stała | Lokalizacja bieżąca | Miejsce przechowywania | Sygnatura | Kod kreskowy | Dział | Typ dokumentu |
|---|---|---|---|---|---|---|---|---|---|---|
| Tylko na miejscu | Biblioteka Politechniki Koszalińskiej | Biblioteka Politechniki Koszalińskiej | Czytelnia BG | 63318 | 01672046 | 58 Botanika | Książka |
